Macroeconomic analysis
Αποθηκεύτηκε σε:
| Κύριος συγγραφέας: | |
|---|---|
| Μορφή: | Βιβλίο |
| Γλώσσα: | English |
| Δημοσίευση: |
New York :
Harcout, Brace & World ,
1966
|
| Θέματα: | |
| Ετικέτες: |
Προσθήκη ετικέτας
Δεν υπάρχουν, Καταχωρήστε ετικέτα πρώτοι!
|
MARC
| LEADER | 00000nam a2200000 i 4500 | ||
|---|---|---|---|
| 001 | 1/37143 | ||
| 008 | 950810s1966 eng d | ||
| 035 | |l 10024623 | ||
| 040 | |a GR-MY-UA |b gre |e aacr | ||
| 041 | 0 | |a eng | |
| 082 | 0 | |a 339 | |
| 100 | 1 | |a Shapiro, Edward |d 1920- | |
| 245 | 1 | 0 | |a Macroeconomic analysis / |c Edward Shapiro |
| 260 | |a New York : |b Harcout, Brace & World , |c 1966 | ||
| 650 | 0 | 0 | |a Macroeconomics. |
| 852 | |a INST |b CHIOS |e 19950810 |h 339 SHA |p 005200001206 |q 005200001206 |t BK |y 0 | ||
| 909 | |a Χ |b 013375 | ||